Žít a nechat žít /

Hlavní autor: Groen, Hendrik
Další autoři: Van Dam Marková, Pavla, 1970-, Juřičková, Lucie, 1965-, Hlavica, Lukáš, 1965-
Jazyk: Čeština
Vydáno: Praha : Voxi, [2020]
Témata:
Fyzický popis: 1 audiodisk (8 hod., 34 min.) ; 12 cm
Zvukové nahrávky
Uloženo v:
LEADER 01980nim a2200541 i 4500
001 001749446
003 CZ BrMZK
005 20200615112208.0
007 sd fungnnmmned
008 200518t20202020xr ||nng f n cze
024 3 |a 8594050429666 
040 |a BOA001  |b cze  |e rda 
041 1 |a cze  |h dut 
072 7 |a 821.11  |x Germánské literatury  |2 Konspekt  |9 25 
080 |a 821.112.5-31  |2 MRF 
080 |a (0:82-311.4)  |2 MRF 
080 |a (0:82-311.5)  |2 MRF 
080 |a (086.7)08  |2 MRF 
080 |a (086.76)  |2 MRF 
100 1 |a Groen, Hendrik  |7 xx0213738  |4 aut 
240 1 0 |a Leven en laten leven.  |l Česky 
245 1 0 |a Žít a nechat žít /  |c Hendrik Groen ; z nizozemského originálu Leven en laten leven přeložila Pavla van Dam Marková 
264 1 |a Praha :  |b Voxi,  |c [2020] 
264 4 |c ©2020 
300 |a 1 audiodisk (8 hod., 34 min.) ;  |c 12 cm 
306 |a 083400 
336 |a mluvené slovo  |b spw  |2 rdacontent 
337 |a audio  |b s  |2 rdamedia 
338 |a audiodisk  |b sd  |2 rdacarrier 
344 |a digital  |b optical  |2 rda 
347 |a audio soubor  |b MP3  |2 rda 
500 |a Název z disku 
500 |a Copyright Albatros Media 
500 |a Nezkrácená audiokniha ve formátu mp3 
500 |a Podle stejnojmenné knihy vydané nakladatelstvím XYZ v roce 2019 
511 0 |a Čte Lucie Juřičková a Lukáš Hlavica 
655 7 |a nizozemské romány  |7 fd132907  |2 czenas 
655 7 |a společenské romány  |7 fd760851  |2 czenas 
655 7 |a humoristické romány  |7 fd132431  |2 czenas 
655 7 |a audioknihy  |7 fd119452  |2 czenas 
655 7 |a kompaktní disky  |7 fd201991  |2 czenas 
700 1 |a Van Dam Marková, Pavla,  |d 1970-  |7 xx0122984  |4 trl 
700 1 |a Juřičková, Lucie,  |d 1965-  |7 xx0081651  |4 nrt 
700 1 |a Hlavica, Lukáš,  |d 1965-  |7 js20051017086  |4 nrt 
910 |a BOA001  |b CDR-1446.731 
990 |a AV 
991 |b 202006  |c NOV 
996 6 |b 2610823675  |c CDR-1446.731  |l MZK  |r Sklad / do 24 hodin  |n 0  |p p.v.  |w 001802145  |u 000010  |a 1  |e BOA001  |j MZK50  |s P